000 01195cam a2200169 4500500
005 20260208010556.0
041 _afre
042 _adc
100 1 0 _aTirvaudey, Robert
_eauthor
245 0 0 _aFrançoise Dastur, La phénoménologie en questions, Paris, Vrin, 2004, coll. « Problèmes et controverses », 256 p., 27 E.
260 _c2005.
500 _a68
520 _aLettres inédites de Théodule Ribot à Henri Piéron Édition et présentation des lettres (1902-1916) du psychologue fondateur de la Revue philosophique, Théodule Ribot, au jeune Henri Piéron, qui deviendra par la suite une figure centrale de la psychologie scientifique française.
520 _aUnpublished letters from Théodule Ribot to Henri Piéron Edition and presentation of the letters (1902-1916) of Théodule Ribot, the psychologist founder of the Revue philosophique, to the young Henri Piéron, who will later become a central figure of French scientific psychology.
786 0 _nRevue philosophique de la France et de l'étranger | 130 | 3 | 2005-09-01 | p. 357zzo-432zzo | 0035-3833
856 4 1 _uhttps://shs.cairn.info/revue-philosophique-2005-3-page-357zzo?lang=fr&redirect-ssocas=7080
999 _c1657216
_d1657216